000 00375nam a22001571a 4500
020 _a9788182649491
082 _aM301
_bDHA/P
100 _aDhanyaraj
245 _aPachayude album/
_cby Dhanyaraj
260 _aKozhikode:
_bMathrubhoomi,
_c2010.
300 _a112p.
650 _aStories Malayalam
650 _aLiterature Malayalam
650 _aLiterature
942 _cBK
999 _c32968
_d32968